000 01104nam a2200325Ia 4500
001 dia_3385
003 CHAP
005 20240417124311.0
008 220117s1990 xx 000 0 und d
010 _a173850
040 _cCHAP
082 _a338.763 U23 1990
110 _aUACh. Departamento de Ingeniería Agroindustrial
245 _aMemoria 1990 /
_c edición Armando Santos Moreno
260 _aChapingo, México :
_b UACh. Departamento de Ingeniería Agroindustrial,
_c1990
300 _a243 p.
503 _aD
590 _aS678.53.M4 U23 1990
650 _aAgricultural engineering
_xResearch
_9154595
650 _aAgricultural engineering
_xStudy and teaching
_9154596
650 _aIndustrias Agrícolas
_xEstudio y enseñanza
_957947
650 _aIndustrias agrícolas
_xInvestigación
_957953
650 _aTesis
_xSumarios
_9112469
650 _aThesis lists
_9154597
700 _aSantos Moreno, Armando, ed.
_9149701
901 _a338.763 U23 1990
902 _aM
905 _a5232271990 MX in 8223233322SPA16
942 _cLIBRO
_2ddc
999 _c173850
_d173850